000
00311nam a22001217a 4500
041
_a
ENG
100
_a
Umarani Nila
245
_a
Maharashtra Talent Serch Pariksha ( M.T.S )
260
_a
Pune
_b
Dastane Ramchandra Ani Comp
_c
2001
300
_a
260
650
_a
Competitive Exam
856
_u
Competitive Exam ( 35 )
999
_c
974
_d
974